00464 2200193 4500001002100000005001500021035002000036245004000056100001900096250000600115856004500121260003600166082000800202084001400210600001000224990001200234990001200246990001200258INLIS00000000000173520250505110758 a0010-05250000271 aAzab dan Sengsara /cMerari Siregar0 aMerari Siregar a1 aRuang Baca Umum No Klas 800 ( Rak 3,4,5) aJakarta :bBalai Pustaka,c2000 a813 a813 MER a 4aFiksi a00.0166 a00.0167 a00.0168